Informačné systémy vo verejnom sektore
Saved in:
| Main Author: | |
|---|---|
| Other Authors: | , |
| Format: | Book |
| Language: | Slovak |
| Published: |
Banská Bystrica
Univerzita Mateja Bela, Ekonomická fakulta v Banskej Bystrici
2008
|
| Subjects: | |
| Tags: |
No Tags, Be the first to tag this record!
|
MARC
| LEADER | 00000nam$a2200000$$$4500 | ||
|---|---|---|---|
| 001 | 0093573 | ||
| 005 | 20240223111654.6 | ||
| 020 | |a 978-80-8083-694-8 | ||
| 041 | 0 | |a slo | |
| 044 | |a SK | ||
| 245 | 1 | 0 | |a Informačné systémy vo verejnom sektore |c Štefan Hronec, Beáta Meričková, Jana Štrangfeldová |
| 264 | 1 | |a Banská Bystrica |b Univerzita Mateja Bela, Ekonomická fakulta v Banskej Bystrici |c 2008 | |
| 300 | |a 132 s. | ||
| 610 | 2 | 0 | |a systémy informačné |
| 610 | 2 | 0 | |a sektor verejný |
| 610 | 2 | 0 | |a informatizácia |
| 610 | 2 | 0 | |a rozhodovanie |
| 610 | 2 | 0 | |a zber dát |
| 610 | 2 | 0 | |a bezpečnosť informačná |
| 610 | 2 | 0 | |a spoločnosť informačná |
| 610 | 2 | 0 | |a elektronizácia |
| 610 | 2 | 0 | |a služby verejné |
| 610 | 2 | 0 | |a zdravotníctvo |
| 610 | 2 | 0 | |a Slovensko |
| 610 | 2 | 0 | |a Európska únia |
| 100 | 1 | |a Hronec, Štefan | |
| 700 | 1 | |a Meričková, Beáta | |
| 700 | 1 | |a Štrangfeldová, Jana | |